000 00935nam a2200325 a 4500
003 AR-BaBNM
005 20251128205204.0
008 082120s2002 ||||||||||||||000 | spa||
020 _a1-56409-009-4
040 _cAR-BaBNM
245 0 0 _aLexipedia multigramática
_bgramática y ortografía : diccionario de sinónimos : diccionario polígloto
_n4
260 _aVersailles
_bEncyclopaedia Britannica
_c1995
300 _a697 p.
_bgráfs., il.
500 _aContiene diccionario de sinónimos en p. 165
500 _aDiccionario polígloto en p. 527
650 4 _aENCICLOPEDIAS
650 4 _aDICCIONARIOS
650 4 _aCULTURA
650 4 _aBIOGRAFIAS
650 4 _aHISTORIA CULTURAL
650 4 _aGRAMATICA
650 4 _aORTOGRAFIA
650 4 _aLINGÜISTICA
650 4 _aSINONIMOS
650 4 _aTRADUCCION
655 _aREFERENCIA
700 1 _aSarmiento, Sergio
_edirector
942 _cBK
998 _cMARTIN
999 _c10369
_d10369